00509nam a2200193 a 4500001001300000003000900013005001700022008004100039020001000080082001400090100002200104245004700126260004300173300000900216500003500225505001000260650002300270700002200293nice12345678IN_TiNIC20260116014449.0070823s2002 boma grp 000 0 eng  ac62500a297bGOR1 aGordon, Matthew S aIslamb Origins, Practices, Holy Texts.... aBombay bOxford University Pressc2002 a112p aincludes index and biblioraphy2 aindex aIslam-Meccan Trade1 aGordon, Matthew S